banner koha

Informe estatistico do cafe, abril 1998 (Registro n. 288740)

MARC details
000 -LÍDER
campo de controle de tamanho fixo 00962nac a22003257a 4500
001 - NÚMERO DE CONTROLE
campo de controle BR9802347
003 - IDENTIFICADOR DO NÚMERO DE CONTROLE
campo de controle BR-BrBNA
005 - DATA E HORÁRIO DA ÚLTIMA TRANSAÇÃO
campo de controle 20240105122020.0
008 - CAMPO DE DADOS FIXOS--INFORMAÇÃO GERAL
campo de controle de tamanho fixo 230509b bl.|||m| |||| 00| 0 por d
040 ## - FONTE DA CATALOGAÇÃO
Instituição da catalogação original BR-BrBNA
Idioma da catalogação por
Instituição que transcreveu o registro Biblioteca Nacional de Agricultura
072 ## - CÓDIGO DE CATEGORIA DE ASSUNTO
Código de Categoria de Assunto E16; E71
090 ## - NÚMERO DE CHAMADA LOCAL
Número de chamada 2120 BR9802347
100 1# - ENTRADA PRINCIPAL--NOME PESSOAL
Nome pessoal Abreu, R.G. de
100 1# - ENTRADA PRINCIPAL--NOME PESSOAL
Nome pessoal Lobato, J.G.
100 1# - ENTRADA PRINCIPAL--NOME PESSOAL
Nome pessoal Pereira, N.
100 1# - ENTRADA PRINCIPAL--NOME PESSOAL
Nome pessoal Abreu, P.F. de
110 1# - ENTRADA PRINCIPAL--NOME CORPORATIVO
Nome corporativo ou nome da jurisdição Ministerio da Industria, do Comercio e do Turismo, Brasilia, DF (Brasil). Depto. Nacional do Cafe
9 (RLIN) 7047
245 1# - TÍTULO
Título Informe estatistico do cafe, abril 1998
260 3# - PUBLICAÇÃO, DISTRIBUIÇÃO, ETC.
Local de publicação, distribuição, etc. Brasilia, DF (Brasil):
Data da publicação, distribuição, etc. 1998.
300 ## - DESCRIÇÃO FÍSICA
Extensão 29 p.
490 ## - TÍTULO DA SÉRIE
Título da série Informe Estatistico do Cafe (Brazil)
Número do volume ou designação sequencial da série v. 2(4)
ISSN - International Standard Serial Number
500 ## - NOTA GERAL
Nota geral Numerical data
650 ## - ASSUNTO--TERMO TÓPICO
Cabeçalho tópico ou nome geográfico Cafe
650 ## - ASSUNTO--TERMO TÓPICO
Cabeçalho tópico ou nome geográfico Dado
650 ## - ASSUNTO--TERMO TÓPICO
Cabeçalho tópico ou nome geográfico Estatistica
650 ## - ASSUNTO--TERMO TÓPICO
Cabeçalho tópico ou nome geográfico Exportacao
650 ## - ASSUNTO--TERMO TÓPICO
Cabeçalho tópico ou nome geográfico Preco
909 ## -
-- 202312
-- Lúcia Elande
-- 55
-- Lúcia Elande
942 ## - ELEMENTOS DE ENTRADA ADICIONADOS (KOHA)
Fonte da classificação ou esquema de arquivamento na estante Classificação AGRIS
Ocultar no OPAC Não
Tipo de material Koha Monografia Seriada
Exemplares
Situação do descarte Fonte da classificação ou esquema de arquivamento na estante Situação física Não pode ser emprestado Coleção Biblioteca de origem Biblioteca atual Localização na estante Total de empréstimos Número de telefone completo Código de barras Data de último acesso Tipo de material Koha Fonte de aquisição
  Classificação AGRIS       Biblioteca Nacional de Agricultura - Binagri Biblioteca Nacional de Agricultura - Binagri Agrobase - Acervo Geral   2120 BR9802347 2120 BR9802347 18/12/2023 Monografia Seriada Portaria Interministerial nº 164/94

BINAGRI

Telefone: (61)3218-2567/2388/3357/2097 - binagri@agro.gov.br

Ministério da Agricultura e Pecuária , Esplanada dos Ministérios, Bloco D, Anexo B, Brasília/DF, CEP: 70.043-900